Taco Hemingway - piosenki (aktualizacja) - Statystyki

Ogólne statystyki
  • Ten quiz został rozwiązany 152 razy
    49 od ostatniego zresetowania
  • Średni wynik to 19 z 37
Statystyki odpowiedzi
Liczba wyświetleń Wykonawcy Nazwa piosenki % Poprawnych
112,8 mln TACONAFIDE Tamagotchi
100%
32 mln TACONAFIDE feat. Dawid Podsiadło Tamagotchi
100%
87,3 mln TACONAFIDE feat. Bedoes 8 Kobiet
97%
21,6 mln TACONAFIDE 8 kobiet
97%
61,8 mln TACONAFIDE Kryptowaluty
94%
39,3 mln Taco Hemingway feat. Dawid Podsiadło W PIĄTKI LEŻĘ W WANNIE
91%
56,3 mln Taco Hemingway Deszcz na betonie
77%
33,8 mln Taco Hemingway Następna stacja
77%
62,8 mln Otsochodzi feat. Taco Hemingway Nowy Kolor
74%
25,5 mln Bedoes & Kubi Producent feat. Taco Hemingway Chłopaki nie płaczą
71%
11,6 mln Taco Hemingway, Young Leosia, Otsochodzi, OKI, Dwa Sławy, Gruby Mielzky Malibu Barbie
71%
44,7 mln Taco Hemingway Fiji
69%
38,4 mln Taco Hemingway Nostalgia
66%
38,4 mln Taco Hemingway Polskie Tango
60%
11,8 mln schafter feat. Taco Hemingway bigos
54%
33,9 mln Taco Hemingway 6 zer
51%
21,3 mln Taco Hemingway Wszystko jedno
51%
13,5 mln TACONAFIDE Visa
49%
23,9 mln TACONAFIDE Art-B
46%
13,3 mln TACONAFIDE feat. Paluch Ekodiesel
46%
15,4 mln Taco Hemingway feat. Dawid Podsiadło, Rosalie. SANATORIUM
46%
10,1 mln TACONAFIDE Wiem
43%
21,7 mln Taco Hemingway Chodź
40%
10,7 mln Taco Hemingway CZŁOWIEK Z DZIURĄ ZAMIAST KRTANI
34%
12,4 mln Taco Hemingway KABRIOLETY
34%
14,4 mln TACONAFIDE Metallica 808
34%
10,6 mln Taco Hemingway ZTM
34%
30,6 mln Taco Hemingway Tlen
31%
14,2 mln Quebonafide feat. Taco Hemingway TOKYO2020
31%
19 mln Taco Hemingway LECI NOWY FUTURE
29%
10,1 mln TACONAFIDE Sectumsempra
26%
23,2 mln Sokół feat. PRO8L3M, Taco Hemingway Napad na Bankiet
23%
10,6 mln Taco Hemingway A mówiłem ci
20%
16,7 mln Taco Hemingway WIATR
20%
11,8 mln Taco Hemingway Głupi byt
11%
11,8 mln TACONAFIDE Mleko & Miód
11%
20,1 mln TACONAFIDE #hot16challenge2
0%
Nie znaleziono quizów pasujących do podanych kryteriów
Rozkład punktacji
Procent ludzi z każdym wynikiem
Percentyl według liczby udzielonych odpowiedzi
Twoja historia wyników
Nie rozwiązałeś tego quizu od ostatniego zresetowania